Personnages de Umbrella Academy par images - Statistiques

Statistiques générales
  • Ce quiz a été pris 194 fois
  • Le résultat moyen est 10 sur 16
Statistiques - réponses
Par images Réponse % Correct
Numéro 5
93%
Diego
91%
Luther
90%
Klaus
86%
Allison
80%
Ben
80%
Viktor
80%
Pogo
74%
Lila
61%
Grace
59%
Cha-Cha
57%
Reginald
50%
Hazel
41%
Agnes
31%
Sissy Cooper
31%
Eudora Patch
26%
Aucun quiz correspondant
Distribution des résultats
% des personnes avec chaque résultat
Percentile par nombre de réponses
Votre historique - résultats
Vous n’avez pas pris ce quiz